000 00395nam a2200169Ia 4500
008 230524s9999 xx 000 0 und d
020 _a978007014474
082 _a621.8
_bRAT
100 _aS S Rattan
245 0 _a"Theory of Machines, "
250 _a3
260 _aNew Delhi
_bMGH
_c2012
300 _a"xiv,705p;"
500 _aQuantity Number: 60
650 _aMechanics
942 _cBK
999 _c51955
_d51955